Czy Europa Środkowo-Wschodnia mogła się wybić na wolność? : materiały z sesji naukowej, Olsztyn, 26 października 1995 /
Saved in:
| Other Authors: | , |
|---|---|
| Format: | Book |
| Language: | Polish |
| Published: |
Olsztyn :
Wyższa Szkoła Pedagogiczna,
1996.
|
| Series: | Studia i materiały (Wyższa Szkoła Pedagogiczna w Olsztynie) ;
99. |
| Subjects: | |
| Tags: |
Add Tag
No Tags, Be the first to tag this record!
|
| LEADER | 01157aam a2200289 a 4500 | ||
|---|---|---|---|
| 001 | 007736772-3 | ||
| 005 | 20020606104010.5 | ||
| 008 | 970630s1996 pl b 100 0 pol | ||
| 010 | |a 97167547 | ||
| 020 | |a 8385513833 | ||
| 035 | 0 | |a ocm38544509 | |
| 040 | |a DLC |c DLC |d HLS | ||
| 043 | |a ee----- | ||
| 050 | 0 | 0 | |a DJK50 |b .C98 1996 |
| 245 | 0 | 0 | |a Czy Europa Środkowo-Wschodnia mogła się wybić na wolność? : |b materiały z sesji naukowej, Olsztyn, 26 października 1995 / |c pod redakcją Tadeusza Kisielewskiego i Norberta Kasparka. |
| 260 | |a Olsztyn : |b Wyższa Szkoła Pedagogiczna, |c 1996. | ||
| 300 | |a 145 p. ; |c 24 cm. | ||
| 490 | 1 | |a Studia i materiały WSP w Olsztynie, |x 0860-7273 ; |v nr. 99 | |
| 504 | |a Includes bibliographical references. | ||
| 650 | 0 | |a Communism |z Europe, Eastern |v Congresses. | |
| 651 | 0 | |a Europe, Eastern |x Politics and government |y 1945- |v Congresses. | |
| 651 | 0 | |a Europe, Eastern |x Politics and government |y 1918-1945 |v Congresses. | |
| 700 | 1 | |a Kisielewski, Tadeusz. | |
| 700 | 1 | |a Kasparek, Norbert, |d 1960- | |
| 830 | 0 | |a Studia i materiały (Wyższa Szkoła Pedagogiczna w Olsztynie) ; |v 99. | |
| 988 | |a 20020608 | ||
| 906 | |0 DLC | ||


